<?xml version="1.0" encoding="UTF-8"?><?xml-stylesheet type="text/xsl" href="static/style.xsl"?><OAI-PMH xmlns="http://www.openarchives.org/OAI/2.0/" xmlns:xsi="http://www.w3.org/2001/XMLSchema-instance" xsi:schemaLocation="http://www.openarchives.org/OAI/2.0/ http://www.openarchives.org/OAI/2.0/OAI-PMH.xsd"><responseDate>2026-04-17T13:54:14Z</responseDate><request verb="GetRecord" identifier="oai:riubu.ubu.es:10259/5847" metadataPrefix="marc">https://riubu.ubu.es/oai/request</request><GetRecord><record><header><identifier>oai:riubu.ubu.es:10259/5847</identifier><datestamp>2021-11-02T12:02:51Z</datestamp><setSpec>com_10259_5363</setSpec><setSpec>com_10259_5086</setSpec><setSpec>com_10259_2604</setSpec><setSpec>col_10259_5364</setSpec></header><metadata><record xmlns="http://www.loc.gov/MARC21/slim" xmlns:doc="http://www.lyncode.com/xoai" xmlns:xsi="http://www.w3.org/2001/XMLSchema-instance" xmlns:dcterms="http://purl.org/dc/terms/" xsi:schemaLocation="http://www.loc.gov/MARC21/slim http://www.loc.gov/standards/marcxml/schema/MARC21slim.xsd">
<leader>00925njm 22002777a 4500</leader>
<datafield tag="042" ind1=" " ind2=" ">
<subfield code="a">dc</subfield>
</datafield>
<datafield tag="720" ind1=" " ind2=" ">
<subfield code="a">Alevia, Marta</subfield>
<subfield code="e">author</subfield>
</datafield>
<datafield tag="720" ind1=" " ind2=" ">
<subfield code="a">Rasines, Sandra</subfield>
<subfield code="e">author</subfield>
</datafield>
<datafield tag="720" ind1=" " ind2=" ">
<subfield code="a">Cantero, Leire</subfield>
<subfield code="e">author</subfield>
</datafield>
<datafield tag="720" ind1=" " ind2=" ">
<subfield code="a">Sancho Ortiz, María Teresa</subfield>
<subfield code="e">author</subfield>
</datafield>
<datafield tag="720" ind1=" " ind2=" ">
<subfield code="a">Fernández Muiño, Miguel Ángel</subfield>
<subfield code="e">author</subfield>
</datafield>
<datafield tag="720" ind1=" " ind2=" ">
<subfield code="a">Osés Gómez, Sandra María</subfield>
<subfield code="e">author</subfield>
</datafield>
<datafield tag="260" ind1=" " ind2=" ">
<subfield code="c">2021-06</subfield>
</datafield>
<datafield tag="520" ind1=" " ind2=" ">
<subfield code="a">The effect of chemical extraction andin vitrodigestion of different kinds of honey onbioactive compounds (total phenolic compounds and flavonoids) and biological activities (antioxi-dant, antimicrobial and anti-inflammatory) was investigated. The antioxidant activity was evaluatedagainst three radicals (ABTS•+, ROO•,•OH), and the antimicrobial activity was studied againstfive bacteria (Staphylococcus aureus,Listeria monocytogenes,Escherichia coli,Streptococcus mutansandPseudomona aeruginosa) and one yeast (Candida albicans). The results show that in comparison withraw honeys, the methanolic extracts exhibited lower values for phenols, flavonoids and antioxidantactivity and higher anti-inflammatory and antimicrobial activities againstL. monocytogenes.Thehigher anti-inflammatory activity indicates a possible use of dried honey extracts in the pharma-ceutical and cosmetic industries.  The digested honeys showed higher total phenolics and higherantioxidant activity than the pre-digested honeys, as well as higher antimicrobial activity againstS.aureusandL. monocytogenes, which underlines the possible antioxidant and antimicrobial effects ofhoney in the human body after the digestion process.</subfield>
</datafield>
<datafield tag="024" ind2=" " ind1="8">
<subfield code="a">http://hdl.handle.net/10259/5847</subfield>
</datafield>
<datafield tag="024" ind2=" " ind1="8">
<subfield code="a">10.3390/foods10061412</subfield>
</datafield>
<datafield tag="024" ind2=" " ind1="8">
<subfield code="a">2304-8158</subfield>
</datafield>
<datafield ind1=" " ind2=" " tag="653">
<subfield code="a">honey</subfield>
</datafield>
<datafield ind1=" " ind2=" " tag="653">
<subfield code="a">in vitrodigestion</subfield>
</datafield>
<datafield ind1=" " ind2=" " tag="653">
<subfield code="a">phenolic extrac</subfield>
</datafield>
<datafield ind1=" " ind2=" " tag="653">
<subfield code="a">antioxidant activity</subfield>
</datafield>
<datafield ind1=" " ind2=" " tag="653">
<subfield code="a">antimicrobial activity</subfield>
</datafield>
<datafield ind1=" " ind2=" " tag="653">
<subfield code="a">anti-inflammatory activity</subfield>
</datafield>
<datafield tag="245" ind1="0" ind2="0">
<subfield code="a">Chemical extraction and gastrointestinal digestion of honey: influence on Its antioxidant, antimicrobial and anti-Inflammatory activities</subfield>
</datafield>
</record></metadata></record></GetRecord></OAI-PMH>